MF DOOM Top 10 Most Streamed Songs - Statistics

General Stats
  • This quiz has been taken 1,811 times
  • The average score is 6 of 10
Answer Stats
Streams Answer % Correct
78,837,653 All Caps
79%
55,207,255 One Beer
79%
111,037,556 Doomsday
75%
116,640,721 Rapp Snitch Knishes
65%
47,761,118 Hoe Cakes
60%
50,936,113 Meat Grinder
55%
57,301,892 Accordion
50%
59,223,387 Rhymes Like Dimes
46%
36,050,066 Fancy Clown
38%
33,669,156 Raid
32%
No matching quizzes found
Score Distribution
Percent of People with Each Score
Percentile by Number Answered
Your Score History
You have not taken this quiz